ბათუმის შოთა რუსთაველის სახელმწიფო უნივერსიტეტის ბიბლიოთეკა

Автоморфизмы классических групп: (ბიბ.ჩანაწერი № 39118)

000 -LEADER
fixed length control field 00611nam a2200205Ia 4500
001 - CONTROL NUMBER
control field 5699
003 - CONTROL NUMBER IDENTIFIER
control field GE_BSU
008 - FIXED-LENGTH DATA ELEMENTS--GENERAL INFORMATION
fixed length control field 181216s||||||||xx |||||||||||||| ||und||
040 ## - CATALOGING SOURCE
Transcribing agency GE_BSU
080 ## - UNIVERSAL DECIMAL CLASSIFICATION NUMBER
Universal Decimal Classification number 512.554.37
245 ## - TITLE STATEMENT
Title Автоморфизмы классических групп:
245 ## - TITLE STATEMENT
Statement of responsibility, etc. Под ред.Ю.И.Мерзлякова
260 ## - PUBLICATION, DISTRIBUTION, ETC.
Place of publication, distribution, etc. Москва
260 ## - PUBLICATION, DISTRIBUTION, ETC.
Name of publisher, distributor, etc. Мир
260 ## - PUBLICATION, DISTRIBUTION, ETC.
Date of publication, distribution, etc. 1976
300 ## - PHYSICAL DESCRIPTION
Extent 264стр. 22см.
520 ## - SUMMARY, ETC.
Summary, etc. Сборник переводов с англ. и франц.
653 ## - INDEX TERM--UNCONTROLLED
Uncontrolled term Автоморфизмы классических групп
942 ## - ADDED ENTRY ELEMENTS (KOHA)
Koha item type წიგნი
ეგზემპლარები
Withdrawn status Lost status Damaged status Not for loan Date acquired Barcode Date last seen Price effective from Koha item type
        2018-12-17 16610 2018-12-17 2018-12-17 წიგნი